Statystyki dla Rozpoznaj rapera po tytule piosenki!

Kliknij tutaj aby rozwiązać quiz!

Ogólne statystyki

  • Ten quiz został rozwiązany 312 razy
  • Średni wynik to 8 z 15

Statystyki odpowiedzi

Nazwa piosenkiRaper% Poprawnych
MinotaurReto
87%
ZorzaQuebonafide
82%
GadyBedoes
74%
RowerChillwagon
71%
CasablancaBlacha 2115
67%
CesarzKeke
66%
BlablaWhite 2115
61%
Millenium SportJan rapowanie
56%
Wszystko OkiQry
55%
Zloty ChlopakPlanBe
35%
SafariLanek
31%
Nie interesujeZeamsone
29%
MarlboroKubi producent
24%
WindaTKM
20%
WirazeSzopeen
13%

Rozkład punktacji

Percentyl według liczby udzielonych odpowiedzi

Procent ludzi z każdym wynikiem

Twoja historia wyników

Nie rozwiązałeś tego quizu